Statistiken für 10 zufällige Flaggen

Klicken Sie hier um das Quiz zu spielen!

Allgemein

  • Dieses Quiz wurde 5.685 mal gespielt
  • Das Durchschnittsergebnis liegt bei 8 aus 10

Antwortstatistiken

Antwort% Korrekt
Brasilien
100%
China
100%
Griechenland
100%
Portugal
100%
Schweden
100%
Serbien
100%
Spanien
100%
Ungarn
100%
Albanien
97%
Argentinien
97%
Estland
97%
Finnland
97%
Georgien
97%
Indien
97%
Island
97%
Italien
97%
Österreich
97%
Polen
97%
Slowakei
97%
Südafrika
97%
Tschechien
97%
Ukraine
97%
Vereinigte Staaten
97%
Australien
96%
Belarus
96%
Chile
96%
Iran
96%
Japan
96%
Kroatien
96%
Kanada
95%
Kosovo
95%
Mexiko
95%
Tunesien
95%
Vereinigtes Königreich
95%
Belgien
94%
Bosnien und Herzegowina
94%
Deutschland
94%
Elfenbeinküste
94%
Frankreich
94%
Israel
94%
Jamaika
94%
Malta
94%
Schweiz
94%
Montenegro
93%
Neuseeland
93%
Nigeria
93%
Russland
93%
San Marino
93%
Slowenien
93%
Zypern
93%
Ägypten
92%
Nordmazedonien
92%
Pakistan
92%
Thailand
92%
Bulgarien
91%
Dänemark
91%
Indonesien
91%
Liechtenstein
91%
Niederlande
91%
Norwegen
91%
Algerien
90%
Irland
90%
Katar
90%
Libanon
90%
Saudi-Arabien
90%
Angola
89%
Irak
89%
Kirgisistan
89%
Lettland
89%
Litauen
89%
Monaco
89%
Nepal
89%
Südkorea
89%
Uganda
89%
Uruguay
89%
Bhutan
88%
Sri Lanka
88%
Türkei
88%
Vatikanstadt
88%
Luxemburg
87%
Ghana
86%
Fidschi
85%
Kasachstan
85%
Kolumbien
85%
Moldawien
85%
Rumänien
85%
Vietnam
84%
Mongolei
83%
Andorra
82%
Malaysia
82%
Nordkorea
82%
Taiwan
82%
Antigua und Barbuda
81%
Aserbaidschan
81%
Barbados
81%
Honduras
81%
Marokko
81%
Panama
81%
Kambodscha
80%
Kuba
80%
Bangladesch
79%
Ecuador
78%
Sambia
78%
Usbekistan
78%
Botswana
77%
Costa Rica
77%
Malediven
77%
Seychellen
77%
Afghanistan
76%
Kenia
76%
Peru
76%
Singapur
76%
Venezuela
76%
Brunei
74%
Föderierte Staaten von Mikronesien
74%
St. Lucia
74%
Turkmenistan
74%
Armenien
73%
Äthiopien
73%
Kap Verde
73%
Philippinen
73%
Dominica
72%
Senegal
72%
Burkina Faso
71%
Haiti
71%
Kamerun
71%
Palau
71%
Syrien
71%
Zentralafrikanische Republik
71%
Demokratische Republik Kongo
70%
Laos
70%
Myanmar
70%
Tadschikistan
70%
Jordanien
69%
El Salvador
68%
Guatemala
68%
Jemen
68%
Mosambik
68%
Nicaragua
68%
Vereinigte Arabische Emirate
68%
Gabun
67%
Belize
66%
Bolivien
66%
Eritrea
66%
Dominikanische Republik
65%
Eswatini
65%
Lesotho
65%
Madagaskar
65%
Mali
65%
Paraguay
65%
Togo
65%
Niger
64%
St. Vincent und die Grenadinen
64%
Liberia
63%
Libyen
63%
Trinidad und Tobago
63%
Osttimor
62%
São Tomé und Príncipe
62%
Tschad
62%
Bahamas
61%
Somalia
61%
Sudan
60%
Suriname
60%
Dschibuti
59%
Kiribati
59%
Kuwait
59%
Mauritius
59%
Bahrain
58%
Benin
57%
Malawi
57%
Oman
57%
Republik Kongo
57%
Namibia
56%
Tansania
56%
Ruanda
54%
Sierra Leone
54%
Guinea
53%
Simbabwe
53%
Grenada
52%
Guinea-Bissau
52%
Komoren
52%
Marshallinseln
52%
Mauretanien
52%
Guyana
51%
Tonga
51%
Burundi
50%
Nauru
50%
Papua-Neuguinea
50%
St. Kitts und Nevis
50%
Gambia
48%
Salomonen
48%
Tuvalu
48%
Äquatorial-Guinea
45%
Samoa
44%
Südsudan
41%
Vanuatu
38%

Verteilung der Resultate

Perzentil nach korrekt beantworteten Fragen

Anzahl Personen mit jedem Resultat

Ihre Resultats-Entwicklung

Sie haben dieses Quiz noch nicht gespielt